Análisis del incumplimiento de los plazos legales de los sumarios administrativos en el marco de la implementación de la ley “Karin” en el Hospital Clínico Félix Bulnes en el periodo de agosto 2024-julio 2025

El presente trabajo busca analizar cómo interactúan los factores normativos, organizacionales y culturales en el cumplimiento de los plazos legales de los sumarios administrativos. Se plantea que los retrasos observados responden tanto a limitaciones internas del sistema (sobrecarga laboral, escasa...

Descripción completa

Detalles Bibliográficos
Autor principal: Jofre Aránguiz, Edinson
Otros Autores: Vivanco González, Jaime (profesor guía)
Formato: Tesis
Lenguaje:español
Materias:

MARC

LEADER 00000nmm a22000007a 4500
003 UAHC
005 20260316111621.0
007 ta
008 260316s2025 cl o d 000 spa d
040 |a UAHC_CL  |c UAHC_CL  |d UAHC_CL 
100 |a Jofre Aránguiz, Edinson  |9 23004 
245 1 0 |a Análisis del incumplimiento de los plazos legales de los sumarios administrativos en el marco de la implementación de la ley “Karin” en el Hospital Clínico Félix Bulnes en el periodo de agosto 2024-julio 2025  |c Edinson Rene Jofre Aránguiz ; profesor guía Jaime Vivanco. 
264 |a Santiago, Chile :  |b Universidad Academia de Humanismo Cristiano,  |c 2025. 
300 |a 46 páginas. 
500 |a Tesis para optar al grado de Licenciado/a en Gobierno y Gestión Pública y al título profesional de Administrador/a Público/a. 
502 |a Tesis (Administración Pública) -- Universidad Academia de Humanismo Cristiano, 2025. 
516 |a Tesis electrónica (PDF). Solicitar envío de documento a biblioteca@academia.cl. 
520 |a El presente trabajo busca analizar cómo interactúan los factores normativos, organizacionales y culturales en el cumplimiento de los plazos legales de los sumarios administrativos. Se plantea que los retrasos observados responden tanto a limitaciones internas del sistema (sobrecarga laboral, escasa planificación, cultura de la demora) como a presiones externas (nuevas exigencias legales, fiscalización de Contraloría, etc.). El trabajo se estructura en cuatro capítulos principales. El primer capítulo desarrolla el marco teórico y conceptual, donde se revisan los fundamentos de la Ley Karin, el Estatuto Administrativo y la teoría de los neosistemas, estableciendo las bases para el análisis posterior. El segundo capítulo describe el diseño metodológico, los objetivos, las hipótesis y las variables de investigación, detallando los criterios utilizados para evaluar el cumplimiento de los plazos sumarios y su coherencia con la normativa vigente. El tercer capítulo presenta los resultados empíricos, derivados del análisis de los casos, encuestas y revisión documental, exponiendo los principales hallazgos en torno a las causas estructurales y culturales del incumplimiento. Finalmente, se aborda la discusión, conclusiones y recomendaciones, donde se interpretan los resultados a la luz del marco teórico, proponiendo estrategias concretas para mejorar la gestión disciplinaria y fortalecer el rol protector de la Ley Karin. En síntesis, esta tesis busca contribuir a la reflexión sobre la capacidad del Estado de cumplir efectivamente con sus propias normas, en un contexto donde la ciudadanía exige mayor transparencia, eficiencia y humanidad en la gestión pública. Comprender las causas del incumplimiento de los plazos sumarios no solo es una tarea técnica o administrativa, sino también ética y política, ya que implica garantizar los derechos de quienes sufren violencia en su lugar de trabajo y restaurar la confianza en las instituciones públicas como espacios de justicia, respeto y protección 
610 0 |a Chile.  |t Ley no. 21.643  |9 23005 
610 0 |a Hospital Doctor Félix Bulnes Cerda (Santiago, Chile)  |9 23006 
650 0 |a Administración pública  |9 548 
650 0 |a Derecho administrativo  |z Chile  |9 2597 
650 0 |a Responsabilidad administrativa  |z Chile   |9 13089 
653 |a Gestión pública 
653 |a Sumarios administrativos 
653 |a Ley Karin 
700 |a Vivanco González, Jaime  |9 1097  |e profesor guía 
900 |a TPADPU 137 
942 |c TS  |2 ddc 
952 |0 0  |1 0  |4 0  |6 TPADPU_137_000000000000000  |7 0  |8 COMP  |9 101811  |a BC  |b BC  |c Digital  |d 2026-03-16  |l 0  |o TPADPU 137  |r 2026-03-16 11:16:41  |w 2026-03-16  |y TS  |z Documento en PDF  |B ADM 
999 |c 63458  |d 63458